000 00856cam a2200253Ma 4500
005 20160620092117.0
008 160620s2013 bl fr 000 0 por d
020 _a9788530944650
035 _a(OCoLC)857059287
040 _aCO-BoUCM
_bspa
_cSandra Palacio
_dSandra Palacio
041 0 _apor
080 _a347.6
100 1 _aTavares, André Ramos
_977825
245 1 0 _aDireito constitucional da empresa
_cAndré Ramos Tavares
260 _aRío de Janeiro (Brasil)
_bEditora método
_c2013
300 _a269 páginas
504 _aIncluye referencias bibliográficas
650 1 7 _aDerecho comercial
_912717
_zBrasil
650 2 7 _aDerecho constitucional
_912725
_zBrasil
650 7 _aDerecho privado
_9437
_zBasil
690 _aDerecho privado
_9437
942 _2DEWEY
_a24
_cLIBRO
_e1
_h346.07
_mR175de
999 _c303598
_d303598